00410nam a2200157Ia 4500008004100000020000700041082001400048100002100062245003700083250000800120260003800128300002500166500001900191600002700210650001500237240925s9999 xx 000 0 und d aNA a604.2 PAR aParkinson, A. C. 2aA First Year Engineering Drawing a4th aLondon:bSir Isaac Pitmanc,1997. ax,532p.bNAfPirated aIncludes Index aElectrical Engineering aTechnology